Southville International School and Colleges
Your cart is empty.
  • Cart
  • Lists
    Public lists Eva Luna New books Lux_list list_1
    Your lists Log in to create your own lists
  • Log in to your account
  • Your cookies
  • Search history
Southville International School and Colleges
  • Advanced search
  • Recent comments
  • Most popular
  • Libraries

Log in to your account

Log in with GOOGLE


If you do not have an external account, but do have a local account, you can still log in:

  1. Home
  2. MARC view: Touched by God :
Normal view MARC view ISBD view

Touched by God : (Record no. 15141)

[ view plain ]
MARC details
000 -LEADER
fixed length control field 00892nam a22003017a 4500
001 - CONTROL NUMBER
control field 3550914
003 - CONTROL NUMBER IDENTIFIER
control field OSt
005 - DATE AND TIME OF LATEST TRANSACTION
control field 20140310182658.0
008 - FIXED-LENGTH DATA ELEMENTS--GENERAL INFORMATION
fixed length control field 970517r19961974txua 000 0 eng
010 ## - LIBRARY OF CONGRESS CONTROL NUMBER
LC control number 97152386
020 ## - INTERNATIONAL STANDARD BOOK NUMBER
International Standard Book Number 0913592471
040 ## - CATALOGING SOURCE
Original cataloging agency DLC
Transcribing agency DLC
050 00 - LIBRARY OF CONGRESS CALL NUMBER
Classification number BV 210.2
Item number .P882 1974
082 ## - DEWEY DECIMAL CLASSIFICATION NUMBER
Classification number M 248.482
Item number P87 1974
100 1# - MAIN ENTRY--PERSONAL NAME
Personal name Powell, John Joseph,
Dates associated with a name 1925-
240 10 - UNIFORM TITLE
Uniform title <a href="He touched me">He touched me</a>
245 10 - TITLE STATEMENT
Title Touched by God :
Remainder of title my pilgrimage of prayer /
Statement of responsibility, etc Powell, John
260 ## - PUBLICATION, DISTRIBUTION, ETC. (IMPRINT)
Place of publication, distribution, etc Allen, Tex. :
Name of publisher, distributor, etc Thomas More,
Date of publication, distribution, etc c1996.
300 ## - PHYSICAL DESCRIPTION
Extent 95 p. :
Other physical details ill. ;
Dimensions 18 cm.
500 ## - GENERAL NOTE
General note Originally published: He touched me. c1974.
521 ## - TARGET AUDIENCE NOTE
Target audience note
526 ## - STUDY PROGRAM INFORMATION NOTE
Reading level 1210L to 1700L
541 ## - IMMEDIATE SOURCE OF ACQUISITION NOTE
-- 1
562 ## - COPY AND VERSION IDENTIFICATION NOTE
Number of copies for circulation : 1 copy in the collection
906 ## - LOCAL DATA ELEMENT F, LDF (RLIN)
a 7
b cbc
c orignew
d 4
e ncip
f 19
g y-gencatlg
942 ## - ADDED ENTRY ELEMENTS (KOHA)
Source of classification or shelving scheme Library of Congress Classification
Koha item type Books
Call number prefix
Holdings
Withdrawn status Lost status Source of classification or shelving scheme Damaged status Home library Current library Shelving location Date acquired Source of acquisition Total Checkouts Full call number Barcode Date last seen Copy number Price effective from Koha item type
    Library of Congress Classification   Archives Archives   04/18/2012 Donation   BV 210.2 .P882 1974 C2212 05/15/2018 1 04/18/2012 Books

Touched by God :

APA

Powell J. J., . (1996). Touched by God. Allen, Tex: Thomas More.

Chicago

Powell John Joseph, . 1996. Touched by God. Allen, Tex: Thomas More.

Harvard

Powell J. J., . (1996). Touched by God. Allen, Tex: Thomas More.

MLA

Powell John Joseph, . Touched by God. Allen, Tex: Thomas More. 1996.

  • Place hold
  • Print
  • Cite
  • Add to your cart (remove)
  • Save record
    BIBTEX Dublin Core MARCXML MARC (non-Unicode/MARC-8) MARC (Unicode/UTF-8) MARC (Unicode/UTF-8, Standard) MODS (XML) RIS
  • More searches
    Search for this title in:
    Other Libraries (WorldCat) Other Databases (Google Scholar) Online Stores (Bookfinder.com) Open Library (openlibrary.org)

Exporting to Dublin Core...

SOUTHVILLE LIBRARY

Southville International School and Colleges Library

1281 Tropical Ave. Cor. Luxembourg St., BF Homes International, Las Pinas City

Tel. No. 8256374 / 252358 Loc. 117/146

Powered by Koha